=LDR 00000nam 2200000 4500 =001 000868 =005 20250712111311 =035 ##$$a 0010-0725000746 =007 ta =008 250712################a##########0#ind## =020 ##$$a 978-623-472-679-4 =082 ##$$a 398.209 598 =084 ##$$a 398.209 598 UMB m =100 #$$a Umbach, Lizzie =245 1#$$a Menemukan Rumah /$c Lizzie Umbach =250 ##$$a cetakan pertama =260 ##$$a Jakarta :$b Badan pengembangan dan pembinaan bahasa,$c 2022 =300 ##$$a 24 hlm. : $b ilus. ; $c 22,9 cm$e 398.209 598 =650 #4$$a Cerita Anak Indonesia =856 ##$$a TBM As Suhada =990 ##$$a 00000000599 =990 ##$$a TBM202400735